|
|
|
|
| LEADER |
00000nab a2200000 a 4500 |
| 001 |
vtls000519772 |
| 003 |
SK-MaSNL |
| 005 |
20260304092906.0 |
| 008 |
250425c1994 xo 0 slo |
| 015 |
|
|
|a SNBRB19rr/mm-uuuuu
|
| 035 |
|
|
|a CL0519910
|
| 035 |
|
|
|a urn:nbn:sk:snk-abdow4
|
| 035 |
|
|
|a (urnnbn)urn:nbn:sk:snk:ar-000uhx
|
| 035 |
|
|
|a (uuid)f805fcba-e74a-473f-a799-e7d1c6582ee0
|
| 040 |
|
|
|a SNKBUCL
|b slo
|c SNKBUCL
|e AACR2
|
| 041 |
0 |
|
|a slo
|
| 044 |
|
|
|a xo
|c SK
|
| 080 |
|
|
|a 792.077(437.6)
|2 1981
|
| 080 |
|
|
|a 398.5
|2 1981
|
| 080 |
|
|
|a 82.033
|2 1981
|
| 080 |
|
|
|a 885.4-2.033
|2 1981
|
| 100 |
1 |
|
|a Kováč, Michal,
|d 1930-2023
|4 aut
|9 13813
|
| 245 |
1 |
0 |
|a Slovenské ľudové hry v Kollárových národných spievankách
|c Mišo Adamov Kováč
|
| 600 |
1 |
7 |
|a Kollár, Ján,
|d 1793-1852
|t Národnie spievanky (ľudové divadlo)
|2 SNKMA
|9 1387365
|
| 650 |
0 |
7 |
|a ľudové divadlo
|2 snkbucl
|9 15395
|
| 650 |
0 |
7 |
|a ľudové hry
|2 snkbucl
|9 50077
|
| 655 |
|
7 |
|a články z novín a časopisov
|2 snkbucl
|9 267496
|
| 773 |
0 |
|
|t Javisko
|g Roč. 26, č. 6 (1994), s. 33-34
|
| 850 |
|
|
|a Slovenská národná knižnica
|
| 852 |
|
|
|a Slovenská národná knižnica
|
| 954 |
|
|
|a odborná, vedecká literatúra pôvodná (slovenská)
|2 lita
|
| 958 |
|
|
|a article19
|
| 958 |
|
|
|a OND
|
| 958 |
|
|
|a RK
|
| 958 |
|
|
|a EUIPO
|
| 992 |
|
|
|a RBX
|
| 999 |
|
|
|c 2820708
|d 2822638
|